000 00542nam a22002057a 4500
999 _c16709
_d16709
003 OSt
005 20180316154053.0
008 180316b xxu||||| |||| 00| 0 eng d
020 _a9781259573545
040 _cKABU
050 _aHF 5415
_b.K47 2017 C.1
100 _aKerin, Roger A.
245 _aMarketing
_cRoger A. Kerin and Steven W. Hartley
250 _a13th ed.
260 _aNew York
_bMcCrow Hill Education
_c2017
300 _axliii, 719p.
650 _aMarketing
700 _aSteven W. Hartley
942 _2lcc
_cBK